Czy znasz tablice rejestracyjne w województwie wielkopolskim? - Statystyki

Ogólne statystyki
  • Ten quiz został rozwiązany 598 razy
    306 od ostatniego zresetowania
  • Średni wynik to 35 z 38
Statystyki odpowiedzi
Powiat Wyróżnik % Poprawnych
Kalisz PK
100%
Leszno PL
99%
Poznań PO
99%
Konin PN
97%
powiat poznański PZ
97%
powiat kaliski PKA
95%
powiat koniński PKN
95%
powiat krotoszyński PKR
95%
powiat leszczyński PLE
95%
powiat ostrowski POS
95%
powiat pilski PP
95%
powiat gnieźnieński PGN
94%
powiat kolski PKL
94%
powiat chodzieski PCH
93%
powiat czarnkowsko-trzcianecki PCT
93%
powiat jarociński PJA
93%
powiat obornicki POB
93%
powiat rawicki PRA
93%
powiat średzki PSR
93%
powiat wolsztyński PWL
93%
powiat wrześiński PWR
93%
powiat złotowski PZL
93%
powiat gostyński PGS
92%
powiat szamotulski PSZ
92%
powiat grodziski PGO
91%
powiat kępiński PKE
91%
powiat nowotomyski PNT
91%
powiat ostrzeszowski POT
91%
powiat turecki PTU
91%
powiat słupecki PSL
90%
powiat wągrowiecki PWA
90%
powiat międzychodzki PMI
88%
Konin (stary obecnie nie wydawny) PKO
87%
powiat pleszewski PPL
87%
powiat śremski PSE
85%
powiat poznański* POZ
83%
Poznań (drugi zasób, motocykle) PY
73%
Kalisz* PA
57%
Nie znaleziono quizów pasujących do podanych kryteriów
Rozkład punktacji
Procent ludzi z każdym wynikiem
Percentyl według liczby udzielonych odpowiedzi
Twoja historia wyników
Nie rozwiązałeś tego quizu od ostatniego zresetowania